Welcome to the Holygrace Academy Library

Please use search bar below to get started

OTTAMARAPPEYTH (Record no. 4777)

MARC details
000 -LEADER
fixed length control field 00304nam a22001457a 4500
020 ## - INTERNATIONAL STANDARD BOOK NUMBER
ISBN 978812647748-7
082 ## - DEWEY DECIMAL CLASSIFICATION NUMBER
Classification number 894.812.3
Item number NIS/O
100 ## - MAIN ENTRY--AUTHOR NAME
Personal name NISHANTH, DEEPA
245 ## - TITLE STATEMENT
Title OTTAMARAPPEYTH
260 ## - PUBLICATION, DISTRIBUTION, ETC. (IMPRINT)
Place of publication KOTTAYAM
Name of publisher DC BOOKS
Year of publication 2019
300 ## - PHYSICAL DESCRIPTION
Number of Pages 135
520 ## - SUMMARY, ETC.
Summary, etc NOVEL
650 ## - SUBJECT ADDED ENTRY--TOPICAL TERM
Topical Term NOVEL
942 ## - ADDED ENTRY ELEMENTS (KOHA)
Koha item type Books
Holdings
Withdrawn status Lost status Collection code Home library Current library Shelving location Date acquired Source of acquisition Cost, normal purchase price Full call number Accession Number Koha item type
    Fiction Main Library Main Library SHELF-16- I- MALAYALAM NOVELS,FICTIONS 22/07/2019 Purchase 110.00 894.812.3 NIS/O 11445 Books